书目信息 |
| 题名: |
直通新日语能力测试精解!
|
|
| 作者: | 任海丹 , 徐坤 主编 | |
| 分册: | N3 读解模拟强化 | |
| 出版信息: | 大连 大连理工大学出版社 2012 |
|
| 页数: | 133页 | |
| 开本: | 26cm | |
| 丛书名: | ||
| 单 册: | ||
| 中图分类: | H360.41-44 , H369.4-44 | |
| 科图分类: | ||
| 主题词: | 日语--水平考试--题解 , 日语--阅读教学--水平考试--题解 | |
| 电子资源: | ||
| ISBN: | 978-7-5611-7096-0 | |
| 000 | 00919nam0 2200265 450 | |
| 001 | 0102520443 | |
| 005 | 20121204164221.0 | |
| 010 | @a978-7-5611-7096-0@dCNY20.00 | |
| 100 | @a20121108d2012 em y0chiy0120 ea | |
| 101 | 0 | @achi@ajpn |
| 102 | @aCN@b210000 | |
| 105 | @ay qz 000yy | |
| 106 | @ar | |
| 200 | 1 | @a直通新日语能力测试精解!@9Zhi Tong Xin Ri Yu Neng Li Ce Shi Jing Jie;Xie ! @i读解模拟强化@f任海丹,徐坤主编@hN3@b专著 |
| 210 | @a大连@c大连理工大学出版社@d2012 | |
| 215 | @a133页@d26cm | |
| 330 | @a本书对每部分考试项目分题型进行讲解,每个题型包括:免费检测、魔鬼训练、模拟考场三个部分,最后还有两套模拟题供考生自测。 | |
| 606 | 0 | @a日语@x水平考试@j题解 |
| 606 | 0 | @a日语@x阅读教学@x水平考试@j题解 |
| 690 | @aH360.41-44@v5 | |
| 690 | @aH369.4-44@v5 | |
| 701 | 0 | @a任海丹@9ren hai dan@4主编 |
| 701 | 0 | @a徐坤@9xu kun@4主编 |
| 801 | 0 | @aCN@b110017@c20121017 |
| 905 | @aBZT@dH360@e11@f4@sH360/11 | |
| 直通新日语能力测试精解!.读解模拟强化/任海丹,徐坤主编.N3.-大连:大连理工大学出版社,2012 |
| 133页;26cm |
| ISBN 978-7-5611-7096-0:CNY20.00 |
| 本书对每部分考试项目分题型进行讲解,每个题型包括:免费检测、魔鬼训练、模拟考场三个部分,最后还有两套模拟题供考生自测。 |
| ● |
| 相关链接 |
|
|
|
正题名:直通新日语能力测试精解!
索取号:H360/11
 
预约/预借
| 序号 | 登录号 | 条形码 | 馆藏地/架位号 | 状态 | 备注 |
| 1 | 2000011630 | 2000011630 | 旧书回溯/ [索取号:H360/11] | 在馆 | |
| 2 | 2000011631 | 2000011631 | 旧书回溯/ [索取号:H360/11] | 在馆 | |
| 3 | 2000011632 | 2000011632 | 旧书回溯/ [索取号:H360/11] | 在馆 | |
| 4 | 2000011633 | 2000011633 | 旧书回溯/ [索取号:H360/11] | 在馆 |